Boldogköváralja történeti emlékek

Bibliographic Details
Main Authors: Dévay, Ferenc (Author), Hubai, Miklós (Author)
Format: Book
Language:Hungarian
PhysicalDescription:[20] s. 8°
Published: [Budapest] Tájak-Korok-Múzeumok 1989
ISBN:963 555 628 4
Edition:2. kiad.
Series:Tájak-Korok-Múzeumok Kiskönyvtára
Subjects:

MARC

LEADER 00000nam a2200000 a 4500
001 vtls001355097
003 SK-MaSNL
005 20260301114922.0
008 251113s1989 HU 0 hun
020 |a 963 555 628 4 
035 |a SNK000308553 
040 |a SNK  |b slo  |c SNK  |e AACR2 
041 0 |a hun 
043 |a e-hu 
044 |a HU 
080 |a 904(439-22)  |2 1981 
245 1 |a Boldogköváralja  |b történeti emlékek  |c [szöveg:] Dévay Ferenc, Hubai Miklós 
250 |a 2. kiad. 
260 |a [Budapest]  |b Tájak-Korok-Múzeumok  |c 1989 
300 |a [20] s.  |c 8° 
490 1 |a Tájak-Korok-Múzeumok Kiskönyvtára  |v 256 szám. 
650 0 7 |a pamätihodnosti  |2 SNKPH  |9 58337 
651 7 |a Boldogkőváralja (Maďarsko)  |2 SNKPHgeo  |9 28392 
655 7 |a brožúry  |2 SNKPH  |9 70146 
700 1 |a Dévay, Ferenc  |4 aut  |9 459098 
700 1 |a Hubai, Miklós  |4 aut  |9 459099 
830 0 |a Tájak-Korok-Múzeumok Kiskönyvtára  |9 310675 
919 |a 963 555 628 4 
958 |a RK 
958 |a OND 
999 |c 720247  |d 722177 
952 |t P60, <04>, [BOOK], {604}  |a SNK  |b SNK  |y VYP  |7 0  |o snkID 89714  |i snkV 3468/89  |0 0  |1 0  |4 0  |d 1999-02-15  |l 0  |r 2005-01-02 00:00:00  |w 2026-02-23